000 00568nam a2200217 a 4500
999 _c4641
_d4641
001 4641
003 BD-JhCC
005 20171130094306.0
008 171129s1961 a|||| |||| 00| 0 eng d
035 _a(BD-JhCC)
040 _aBD-JhCC
_dBD-JhCC
041 _aeng
082 _a823.91
_bSTO 1961
100 _aStorer, Ronald D. K.
245 _aDon Quixote /
_cRonald D. K. Storer
260 _aLondon :
_bOxford University Press,
_c1961
300 _a79 p. :
_bill. ;
_c20cm.
650 _aEnglish Language
_xSpanish Ficition
942 _2ddc
_cBK